Textbook of Biochemistry for Medical Students : (Record no. 35234)

MARC details
000 -LEADER
fixed length control field 00677nam a22002057a 4500
005 - DATE AND TIME OF LATEST TRANSACTION
control field 20240306095317.0
008 - FIXED-LENGTH DATA ELEMENTS--GENERAL INFORMATION
fixed length control field 240306b |||||||| |||| 00| 0 eng d
020 ## - INTERNATIONAL STANDARD BOOK NUMBER
ISBN 9789385999741
082 ## - DEWEY DECIMAL CLASSIFICATION NUMBER
Classification number 572
Item number VAS-T
100 ## - MAIN ENTRY--AUTHOR
Author Name Vasudevan, DM
245 ## - TITLE STATEMENT
Title Textbook of Biochemistry for Medical Students :
Remainder of title Including long & short essay type questions, MCQs and case studies /
Statement of responsibility, etc. DM Vasudevan , Sreekumari S , Kannan Vaidyanathan
250 ## - EDITION STATEMENT
Edition statement 8th ed.
260 ## - PUBLICATION, DISTRIBUTION, ETC.
Place of Publication India :
Name of publisher, distributor, etc. Jaypee ;
Date of publication, distribution, etc. 2016 .
300 ## - PHYSICAL DESCRIPTION
Pages viii , 718 p. :
500 ## - GENERAL NOTE
General note Include index .
650 ## - SUBJECT ADDED ENTRY--TOPICAL TERM
Subject / Department Medical / Biochemistry
700 ## - ADDED ENTRY--PERSONAL NAME
Personal name Sreekumari S
700 ## - ADDED ENTRY--PERSONAL NAME
Personal name Kannan Vaidyanathan
300 ## - PHYSICAL DESCRIPTION
-- ill ;
-- 27 cm.
952 ## - LOCATION AND ITEM INFORMATION (KOHA)
-- 0
-- 0
952 ## - LOCATION AND ITEM INFORMATION (KOHA)
-- 0
-- 0
952 ## - LOCATION AND ITEM INFORMATION (KOHA)
-- 0
-- 0
952 ## - LOCATION AND ITEM INFORMATION (KOHA)
-- 0
-- 0
952 ## - LOCATION AND ITEM INFORMATION (KOHA)
-- 0
-- 0
952 ## - LOCATION AND ITEM INFORMATION (KOHA)
-- 0
-- 0
952 ## - LOCATION AND ITEM INFORMATION (KOHA)
-- 0
-- 0
952 ## - LOCATION AND ITEM INFORMATION (KOHA)
-- 0
-- 0
952 ## - LOCATION AND ITEM INFORMATION (KOHA)
-- 0
-- 0
952 ## - LOCATION AND ITEM INFORMATION (KOHA)
-- 0
-- 0
952 ## - LOCATION AND ITEM INFORMATION (KOHA)
-- 0
-- 0
952 ## - LOCATION AND ITEM INFORMATION (KOHA)
-- 0
-- 0
952 ## - LOCATION AND ITEM INFORMATION (KOHA)
-- 0
-- 0
952 ## - LOCATION AND ITEM INFORMATION (KOHA)
-- 0
-- 0
952 ## - LOCATION AND ITEM INFORMATION (KOHA)
-- 0
-- 0
952 ## - LOCATION AND ITEM INFORMATION (KOHA)
-- 0
-- 0
952 ## - LOCATION AND ITEM INFORMATION (KOHA)
-- 0
-- 0
952 ## - LOCATION AND ITEM INFORMATION (KOHA)
-- 0
-- 0
952 ## - LOCATION AND ITEM INFORMATION (KOHA)
-- 0
-- 0
Holdings
Lost status Damaged status Collection code Permanent Location Current Location Shelving Location Date acquired Full Call Number Accession No./Barcode Date last seen Copy number item type Koha item type
    Medical Superior Information Resource Center (SIRC) Superior University- Central Library Superior Information Resource Center (SIRC) Superior University- Central Library Biochemistry 03/06/2024 572 VAS-T 2016 11108 03/06/2024 1 BOOK BOOK
    Medical Superior Information Resource Center (SIRC) Superior University- Central Library Superior Information Resource Center (SIRC) Superior University- Central Library Biochemistry 03/06/2024 572 VAS-T 2016 11113 03/06/2024 2 BOOK BOOK
    Medical Superior Information Resource Center (SIRC) Superior University- Central Library Superior Information Resource Center (SIRC) Superior University- Central Library Biochemistry 03/06/2024 572 VAS-T 2016 15240 03/06/2024 3 BOOK BOOK
    Medical Superior Information Resource Center (SIRC) Superior University- Central Library Superior Information Resource Center (SIRC) Superior University- Central Library Biochemistry 03/06/2024 572 VAS-T 2016 11160 03/06/2024 5 BOOK BOOK
    Medical Superior Information Resource Center (SIRC) Superior University- Central Library Superior Information Resource Center (SIRC) Superior University- Central Library Biochemistry 03/06/2024 572 VAS-T 2016 11192 03/06/2024 8 BOOK BOOK
    Medical Superior Information Resource Center (SIRC) Superior University- Central Library Superior Information Resource Center (SIRC) Superior University- Central Library Biochemistry 03/06/2024 572 VAS-T 2016 11200 03/06/2024 9 BOOK BOOK
    Medical Superior Information Resource Center (SIRC) Superior University- Central Library Superior Information Resource Center (SIRC) Superior University- Central Library Biochemistry 03/06/2024 572 VAS-T 2016 11205 02/03/2026 10 BOOK BOOK
    Medical Superior Information Resource Center (SIRC) Superior University- Central Library Superior Information Resource Center (SIRC) Superior University- Central Library Biochemistry 03/06/2024 572 VAS-T 2016 11236 05/29/2024 11 BOOK BOOK
    Medical Superior Information Resource Center (SIRC) Superior University- Central Library Superior Information Resource Center (SIRC) Superior University- Central Library Biochemistry 03/06/2024 572 VAS-T 2016 11253 03/06/2024 12 BOOK BOOK
    Medical Superior Information Resource Center (SIRC) Superior University- Central Library Superior Information Resource Center (SIRC) Superior University- Central Library Biochemistry 03/06/2024 572 VAS-T 2016 11313 03/06/2024 16 BOOK BOOK
    Medical Superior Information Resource Center (SIRC) Superior University- Central Library Superior Information Resource Center (SIRC) Superior University- Central Library Biochemistry 03/06/2024 572 VAS-T 2016 11314 03/06/2024 17 BOOK BOOK
    Medical Superior Information Resource Center (SIRC) Superior University- Central Library Superior Information Resource Center (SIRC) Superior University- Central Library Biochemistry 03/06/2024 572 VAS-T 2016 11315 03/06/2024 18 BOOK BOOK
    Medical Superior Information Resource Center (SIRC) Superior University- Central Library Superior Information Resource Center (SIRC) Superior University- Central Library Biochemistry 03/06/2024 572 VAS-T 2016 11316 03/06/2024 19 BOOK BOOK
    Medical Superior Information Resource Center (SIRC) Superior University- Central Library Superior Information Resource Center (SIRC) Superior University- Central Library Biochemistry 03/06/2024 572 VAS-T 2016 11326 03/06/2024 20 BOOK BOOK
    Medical Superior Information Resource Center (SIRC) Superior University- Central Library Superior Information Resource Center (SIRC) Superior University- Central Library Biochemistry 03/06/2024 572 VAS-T 2016 11327 03/06/2024 21 BOOK BOOK
    Medical Superior Information Resource Center (SIRC) Superior University- Central Library Superior Information Resource Center (SIRC) Superior University- Central Library Biochemistry 03/06/2024 572 VAS-T 2016 11355 03/06/2024 22 BOOK BOOK
    Medical Superior Information Resource Center (SIRC) Superior University- Central Library Superior Information Resource Center (SIRC) Superior University- Central Library Biochemistry 03/06/2024 572 VAS-T 2016 11366 03/06/2024 23 BOOK BOOK
    Medical Superior Information Resource Center (SIRC) Superior University- Central Library Superior Information Resource Center (SIRC) Superior University- Central Library Biochemistry 07/25/2024 572 VAS-T 2016 11367 12/16/2024 23 BOOK BOOK
    Medical Superior Information Resource Center (SIRC) Superior University- Central Library Superior Information Resource Center (SIRC) Superior University- Gold Campus Biochemistry 03/06/2024 572 VAS-T 2016 13486 10/23/2024 4 BOOK BOOK

Powered by Koha